Countries with the Least Effective Governance - Statistics

General Stats
  • This quiz has been taken 118 times
  • The average score is 14 of 20
Answer Stats
Hint Answer % Correct
-2.03 Somalia
89%
-1.75 Syria
87%
-1.75 Democratic Republic of the Congo
84%
-1.88 Afghanistan
83%
-1.71 Sudan
79%
-2.39 South Sudan
77%
-1.42 Chad
76%
-1.68 Myanmar
76%
-1.37 Republic of the Congo
75%
-2.23 Yemen
75%
-1.71 Central African Republic
74%
-1.75 Libya
74%
-2.23 Haiti
73%
-1.69 Venezuela
72%
-1.73 Eritrea
68%
-1.46 North Korea
66%
-1.46 Lebanon
54%
-1.44 Liberia
44%
-1.49 Guinea-Bissau
39%
-1.68 Comoros
19%
No matching quizzes found
Score Distribution
Percent of People with Each Score
Percentile by Number Answered
Your Score History
You have not taken this quiz